Faculty of Law Library — Cairo University

Official Online Catalog

Corrections In America Problems Of The Past And The Present / (Record no. 73716)

MARC details
000 -LEADER
fixed length control field 01125nam a2200325 i 4500
003 - CONTROL NUMBER IDENTIFIER
control field EG-GICUC
005 - DATE AND TIME OF LATEST TRANSACTION
control field 20260502195106.0
008 - FIXED-LENGTH DATA ELEMENTS--GENERAL INFORMATION
fixed length control field 260427s1987 cau||||f |||| 001 0 eng d
020 ## - INTERNATIONAL STANDARD BOOK NUMBER
International Standard Book Number 0803922108
020 ## - INTERNATIONAL STANDARD BOOK NUMBER
International Standard Book Number 0803922116
040 ## - CATALOGING SOURCE
Original cataloging agency EG-GiCUC
Language of cataloging eng
Transcribing agency EG-GiCUC
Modifying agency EG-GiCUC
Description conventions rda
041 0# - LANGUAGE CODE
Language code of text/sound track or separate title eng
082 04 - DEWEY DECIMAL CLASSIFICATION NUMBER
Edition number 21
Classification number 343.766073
Item number TH . C
092 04 - LOCALLY ASSIGNED DEWEY CALL NUMBER (OCLC)
Edition number 21
099 ## - LOCAL FREE-TEXT CALL NUMBER (OCLC)
Classification number Law1 10 343.766073 TH . C 1987 1012189 C1
100 1# - MAIN ENTRY--PERSONAL NAME
Personal name Thomas, Charles W.
Relator term Author.
245 13 - TITLE STATEMENT
Title Corrections In America Problems Of The Past And The Present /
Statement of responsibility, etc. By Charles W. Thomas.
264 #1 - PRODUCTION, PUBLICATION, DISTRIBUTION, MANUFACTURE, AND COPYRIGHT NOTICE
Place of production, publication, distribution, manufacture Newbury Park ;
-- Beverly Hills ;
-- London ;
-- New Delhi ;
Name of producer, publisher, distributor, manufacturer Sage Nations The Publishers Of Professional Social Sornor ,
Date of production, publication, distribution, manufacture, or copyright notice 1987.
300 ## - PHYSICAL DESCRIPTION
Extent 159 pages ;
Dimensions 24 cm.
336 ## - CONTENT TYPE
Source rda content
Content type term text
337 ## - MEDIA TYPE
Source rda media
Media type term Computer
338 ## - CARRIER TYPE
Source rda carrier
Carrier type term Online Resource
490 0# - SERIES STATEMENT
Materials specified Law And Criminal Justice Series ;
Volume/sequential designation Volume 7
504 ## - BIBLIOGRAPHY, ETC. NOTE
Bibliography, etc. note Index Pages : 155-158.
650 14 - SUBJECT ADDED ENTRY--TOPICAL TERM
Topical term or geographic name entry element Criminal law
651 14 - SUBJECT ADDED ENTRY--GEOGRAPHIC NAME
Geographic name America
General subdivision Corrections
856 40 - ELECTRONIC LOCATION AND ACCESS
Uniform Resource Identifier <a href="https://fll.law.cu.edu.eg/fulltext/bks/B10-12189.pdf">https://fll.law.cu.edu.eg/fulltext/bks/B10-12189.pdf</a>
905 ## - Cataloger and Reviser Names
Cataloger Name: Mohamed Yosri
942 ## - ADDED ENTRY ELEMENTS (KOHA)
Source of classification or shelving scheme Dewey Decimal Classification
Koha item type Books
Edition 21
Suppress in OPAC No
Holdings
Withdrawn status Lost status Source of classification or shelving scheme Damaged status Not for loan Collection Home library Current library Date acquired Total checkouts Full call number Barcode Date last seen Copy number Price effective from Koha item type
    Dewey Decimal Classification   Not for loan القانون الجنائي جــــامعة القــاهرة مكتبة كلية الحقوق - المبنى الرئيسي 27.04.2026   Law1 10 343.766073 TH . C 1987 1012189 C1 B10-12189 27.04.2026 1 27.04.2026 Books

© All rights reserved — Faculty of Law, Cairo University